Most streamed songs #1 (Billie Eilish) - Statistics

General Stats
  • This quiz has been taken 141 times
  • The average score is 10 of 15
Answer Stats
Hint Answer % Correct
#2 bad guy
96%
#1 lovely
89%
#7 BIRDS OF A FEATHER
83%
#6 Happier than ever
78%
#5 ocean eyes
77%
#9 What Was I Made For?
75%
#3 when the party’s over
65%
#13 i love you
62%
#12 bellyache
61%
#4 everything i wanted
56%
#8 idontwannabeyouanymore
55%
#10 bury a friend
52%
#14 you should see me in a crown
52%
#11 Bored
50%
#15 Therefore I Am
47%
No matching quizzes found
Score Distribution
Percent of People with Each Score
Percentile by Number Answered
Your Score History
You have not taken this quiz